72 - Né(es) un 13 mars - Statistiques

Statistiques générales
  • Ce quiz a été pris 11 fois
  • Le résultat moyen est 3 sur 12
Statistiques - réponses
Hint Année de naissance Réponse % Correct
Acteur français. Vu dans "L'Autre Monde", "Yves Saint Laurent", "La Promesse de l'aube", "Boîte noire", "Le Comte de Monte-Cristo", "Casting(s)", "Fiasco". 1989 Pierre Niney
89%
Humoriste et acteur français. Connu pour ses canulars téléphoniques et ses caméras cachées. 1957 Jean-Yves Lafesse|Jean-Yves Charles Lambert
56%
Photographe et militant écologiste français. Président de la fondation GoodPlanet. Auteur de "La Terre vue du ciel". 1946 Yann Arthus-Bertrand
56%
Réalisateur français connu pour "Hôtel des Amériques", "Rendez-vous", "Ma saison préférée", "Les Roseaux sauvages", "Les Voleurs". 1943 André Téchiné
33%
Bassiste du groupe irlandais U2, depuis 1976. 1960 Adam Clayton
11%
Pape de l’Église catholique de 1691 à 1700. Mit fin au népotisme par la bulle "Romanum decet Pontificem" (1692). 1615 Innocent XII|Antonio Pignatelli
11%
Acteur français. Vu dans "Le Raid", "L'Amour aux trousses", "Mauvaise Foi", "Le Dernier gang", "Mes pires potes", "Baron noir". 1967 Pascal Elbé|Pascal El-Bez
11%
Garde des Sceaux, ministre de la Justice de 1988 à 1990. 1924 Pierre Arpaillange
11%
Opposant sous le Second Empire, deux fois ministre d’Adolphe Thiers. Qualifié de "Saint-Simon du monde parlementaire de Juillet" par François Furet. 1797 Charles de Rémusat
0%
Militaire et industriel français, gouverneur de Saint-Malo jusqu'en 1754 puis maréchal de France en 1757. 1678 Jean Hector de Faÿ de La Tour-Maubourg
0%
Élu empereur du Saint-Empire en 1765. "Roi des Romains" de 1764 à 1790. Beau-frère de Louis XVI. 1741 Joseph II|Joseph de Habsbourg-Lorraine
0%
Ministre de la culture et de la communication de 2004 à 2007. 1954 Renaud Donnedieu de Vabres
0%
Aucun quiz correspondant
Distribution des résultats
% des personnes avec chaque résultat
Percentile par nombre de réponses
Votre historique - résultats
Vous n’avez pas pris ce quiz